00348nam a2200097Ia 4500008004100000040002900041050003100070100002600101245008900127260003400216230222s9999||||xx |||||||||||||| ||und|| cChuka University Library aBSL THE HJ 2052 bN93 2015 aNyakundi,Mogere Henry 0aEffect of budgeting on public sector wage bill management by the government of Kenya aChuka universitybChukac2015